000 00675nam a2200217Ia 4500
003 GCL
008 140319s9999 xx 000 0 ara d
040 _aGCL /
_cGCL
082 0 4 _aق
_b962.054
_bم س
100 1 _aمحسن محمد
245 1 0 _aسنة من عمرمصر 1946تاريخ مصر بالوثائق السريةالبريطانيةوالامريكية /
_cمحسن محمد
260 _a[S.N] :
_bدار المعارف ،
_c1982
300 _a283 ص
490 _a
650 0 4 _aمصر
650 0 4 _aتاريخ
650 0 4 _aالاحوال السياسية
650 0 4 _aوثائق
650 0 4 _aالاحتلال البريطانى
942 _2ddc
_cBK
999 _c52403
_d52403